000 00482nam a2200205Ia 4500
008 210210b2005 xxu||||| |||| 00| 0 eng d
020 _a0070527954
041 _aeng
082 _a574.192 RASB
100 _aRASTOGI (S C)
245 _aBiochemistry Ed 2
250 _a
260 _aNew Delhi
_bTata McGraw-Hill Publishing Company Ltd.
_c2005
300 _axxv,712
650 _aEd
650 _aBiochemistry
650 _a2
690 _aBiochemistry
906 _a062569
999 _c117677
_d117677